Steel bridges (Record no. 114811)

MARC details
000 -LEADER
fixed length control field 00649cam a22002055a 4500
001 - CONTROL NUMBER
control field L157510
008 - FIXED-LENGTH DATA ELEMENTS--GENERAL INFORMATION
fixed length control field 130109s2010 xxk f 000 0 eng d
035 ## - SYSTEM CONTROL NUMBER
System control number (Sirsi) u157510
041 0# - LANGUAGE CODE
Language code of text/sound track or separate title eng
050 04 - LIBRARY OF CONGRESS CALL NUMBER
Classification number 624.25
110 2# - MAIN ENTRY--CORPORATE NAME
Corporate name or jurisdiction name as entry element Corus
245 00 - TITLE STATEMENT
Title Steel bridges
Remainder of title material matters
-- sustainability
260 ## - PUBLICATION, DISTRIBUTION, ETC.
Place of publication, distribution, etc. Scunthorpe
Name of publisher, distributor, etc. Corus
Date of publication, distribution, etc. 2010
520 ## - SUMMARY, ETC.
Summary, etc. A series of examples of steel bridges and the priorities that are necessary to consider before, during and after their construction.
590 ## - LOCAL NOTE (RLIN)
Local note KA
650 24 - SUBJECT ADDED ENTRY--TOPICAL TERM
Topical term or geographic name entry element Construction, sustainability, bridges, steel
651 #4 - SUBJECT ADDED ENTRY--GEOGRAPHIC NAME
Geographic name ENGLAND AND WALES
690 ## - LOCAL SUBJECT ADDED ENTRY--TOPICAL TERM (OCLC, RLIN)
Topical term or geographic name as entry element Sustainability
9 (RLIN) 6271
942 ## - ADDED ENTRY ELEMENTS (KOHA)
Suppress in OPAC 0
Holdings
Withdrawn status Lost status Source of classification or shelving scheme Damaged status Not for loan Home library Current library Shelving location Date acquired Total Checkouts Full call number Barcode Date last seen Copy number Price effective from Koha item type
    Dewey Decimal Classification     London London Folio 09/01/2013   F624.25 COR 30075064 06/08/2019 1 06/08/2019 Book